01590nam a2200241Ia 4500001000600000003000900006008004100015040001300056040001300069041001300082100001700095100002900112245004600141245004600187250001100233260001000244260001000254260004900264300005700313500091500370650003201285650003101317B0821IT-RoPAU130308s9999 xx 000 0 und d aIT-RoPAU cIT-RoPAU aFRANCESE aDelorme Jean gCodice Aut. SPICS: 19651 aAu risque de la parole-Lire les evangiles bAu risque de la Parole-Lire Les Evangiles a1a ed. aPARIS bSeuil c1991 [1° Ed.:1991 - Ed.Ling.Originale:1991] a"250 p. (prefazione: no ; testo: 250 [pagine: 0-0])" aLeggere I Vangeli. Racconti di Miracoli: incontro e Guarigione del Lebbroso: Marco 1,40/45: Analisi del Racconto: Pubblicità e Segreto, Desiderio Potere e Parola, Racconto nel suo Contesto. incontro con Il Paralitico: Marco2,1/13: Analisi e Costruzione del Racconto, Spazio e Movimenti, chiusura Ecomunicazione. incontro e Guarigione dell'Emorroissa e Risurrezione della Figlia di Jairo: Marco 5,21/43: Analisi di Due Storie in un Racconto, dal tocco al Dialogo, Dalla fede al Segreto, dal Desiderio All'Ascolto. Raccontidi Parabole: Parabola del buon Samaritano: Luca 10,25/37: un Legalista Dottore della legge che vuole Sapere Chi è Il Prossimo, Parabola e Legge. Parabola dei Talenti: Matteo, 25,14/30: Parabola Come Racconto, Piste per L'Interpretazione, Parola in Parabole. Parole di Lode: testo del Magnificat: Luca 1,46/55: Analisi del Poema, lode e Memoria, Logica di un Cantico, Cantico di Maria. aSTUDI/COMMENTI SULLA BIBBIA eCodice materia Spics: 9052